<?xml version="1.0" encoding="UTF-8"?>
<collection xmlns="http://www.loc.gov/MARC21/slim">
 <record>
  <leader>01896aam a22002658a 4500</leader>
  <controlfield tag="001">NCT_19206</controlfield>
  <controlfield tag="008">130702s2013                  ||||||viesd</controlfield>
  <datafield tag="999" ind1=" " ind2=" ">
   <subfield code="c">910</subfield>
   <subfield code="d">910</subfield>
  </datafield>
  <datafield tag="020" ind1=" " ind2=" ">
   <subfield code="c">67000</subfield>
  </datafield>
  <datafield tag="082" ind1="0" ind2="4">
   <subfield code="2">23rd ed.</subfield>
   <subfield code="a">363.7</subfield>
   <subfield code="b">T305</subfield>
  </datafield>
  <datafield tag="100" ind1="1" ind2=" ">
   <subfield code="a">Lê Văn Khoa</subfield>
   <subfield code="e">Chủ biên</subfield>
  </datafield>
  <datafield tag="245" ind1="0" ind2="0">
   <subfield code="a">Môi trường và phát triển bền vững</subfield>
   <subfield code="c">Lê Văn Khoa (chủ biên), Đoàn Văn Tiến, Nguyễn Song Tùng, Nguyễn Quốc Việt</subfield>
  </datafield>
  <datafield tag="250" ind1=" " ind2=" ">
   <subfield code="a">Tái bản lần thứ 2</subfield>
  </datafield>
  <datafield tag="260" ind1=" " ind2=" ">
   <subfield code="a">H.</subfield>
   <subfield code="b">Giáo dục</subfield>
   <subfield code="c">2013</subfield>
  </datafield>
  <datafield tag="300" ind1=" " ind2=" ">
   <subfield code="a">299tr.</subfield>
   <subfield code="b">minh hoạ</subfield>
   <subfield code="c">27cm</subfield>
  </datafield>
  <datafield tag="520" ind1="3" ind2=" ">
   <subfield code="a">Trình bày hiện trạng những vấn đề môi trường, tài nguyên thiên nhiên, biến đổi khí hậu và tác động của chúng đối với môi trường, mối quan hệ giữa môi trường và phát triển. Nội dung của phát triển bền vững, kế hoạch quốc gia về bảo vệ môi trường và phát triển bền vững ở Việt Nam</subfield>
  </datafield>
  <datafield tag="700" ind1="1" ind2=" ">
   <subfield code="a">Đoàn Văn Tiến</subfield>
  </datafield>
  <datafield tag="700" ind1="1" ind2=" ">
   <subfield code="a">Nguyễn Song Tùng</subfield>
  </datafield>
  <datafield tag="700" ind1="1" ind2=" ">
   <subfield code="a">Nguyễn Quốc Việt</subfield>
  </datafield>
  <datafield tag="942" ind1=" " ind2=" ">
   <subfield code="2">ddc</subfield>
   <subfield code="c">BK</subfield>
  </datafield>
  <datafield tag="952" ind1=" " ind2=" ">
   <subfield code="0">0</subfield>
   <subfield code="1">0</subfield>
   <subfield code="2">ddc</subfield>
   <subfield code="4">0</subfield>
   <subfield code="6">363_700000000000000_T305</subfield>
   <subfield code="7">0</subfield>
   <subfield code="9">5514</subfield>
   <subfield code="a">000001</subfield>
   <subfield code="b">000001</subfield>
   <subfield code="d">2017-12-05</subfield>
   <subfield code="o">363.7 T305</subfield>
   <subfield code="p">MD.03718</subfield>
   <subfield code="r">2017-12-05</subfield>
   <subfield code="v">67000.00</subfield>
   <subfield code="w">2017-12-05</subfield>
   <subfield code="y">BK</subfield>
  </datafield>
  <datafield tag="952" ind1=" " ind2=" ">
   <subfield code="0">0</subfield>
   <subfield code="1">0</subfield>
   <subfield code="2">ddc</subfield>
   <subfield code="4">0</subfield>
   <subfield code="6">363_700000000000000_T305</subfield>
   <subfield code="7">0</subfield>
   <subfield code="9">5515</subfield>
   <subfield code="a">000001</subfield>
   <subfield code="b">000001</subfield>
   <subfield code="d">2017-12-05</subfield>
   <subfield code="l">4</subfield>
   <subfield code="o">363.7 T305</subfield>
   <subfield code="p">MD.03719</subfield>
   <subfield code="r">2020-10-01</subfield>
   <subfield code="s">2020-09-24</subfield>
   <subfield code="v">67000.00</subfield>
   <subfield code="w">2017-12-05</subfield>
   <subfield code="y">BK</subfield>
  </datafield>
  <datafield tag="952" ind1=" " ind2=" ">
   <subfield code="0">0</subfield>
   <subfield code="1">0</subfield>
   <subfield code="2">ddc</subfield>
   <subfield code="4">0</subfield>
   <subfield code="6">363_700000000000000_T305</subfield>
   <subfield code="7">0</subfield>
   <subfield code="9">5516</subfield>
   <subfield code="a">000001</subfield>
   <subfield code="b">000001</subfield>
   <subfield code="d">2017-12-05</subfield>
   <subfield code="l">3</subfield>
   <subfield code="o">363.7 T305</subfield>
   <subfield code="p">MD.03720</subfield>
   <subfield code="r">2021-01-26</subfield>
   <subfield code="s">2021-01-20</subfield>
   <subfield code="v">67000.00</subfield>
   <subfield code="w">2017-12-05</subfield>
   <subfield code="y">BK</subfield>
  </datafield>
  <datafield tag="952" ind1=" " ind2=" ">
   <subfield code="0">0</subfield>
   <subfield code="1">0</subfield>
   <subfield code="2">ddc</subfield>
   <subfield code="4">0</subfield>
   <subfield code="6">363_700000000000000_T305</subfield>
   <subfield code="7">0</subfield>
   <subfield code="9">5517</subfield>
   <subfield code="a">000001</subfield>
   <subfield code="b">000001</subfield>
   <subfield code="d">2017-12-05</subfield>
   <subfield code="l">3</subfield>
   <subfield code="o">363.7 T305</subfield>
   <subfield code="p">MD.09090</subfield>
   <subfield code="r">2020-08-07</subfield>
   <subfield code="s">2020-07-27</subfield>
   <subfield code="v">67000.00</subfield>
   <subfield code="w">2017-12-05</subfield>
   <subfield code="y">BK</subfield>
  </datafield>
  <datafield tag="980" ind1=" " ind2=" ">
   <subfield code="a">Thư viện Trường Đại học Nam Cần Thơ</subfield>
  </datafield>
 </record>
</collection>
